Elementos de derecho constitucional (Record no. 619)
[ view plain ]
| 000 -LEADER | |
|---|---|
| fixed length control field | 00496cam a22001937a 4500 |
| 001 - CONTROL NUMBER | |
| control field | 000627 |
| 003 - CONTROL NUMBER IDENTIFIER | |
| control field | armpunfd |
| 005 - DATE AND TIME OF LATEST TRANSACTION | |
| control field | 20140612090615.0 |
| 008 - FIXED-LENGTH DATA ELEMENTS--GENERAL INFORMATION | |
| fixed length control field | 011019s1997#xx#a##########000#0##nd#d |
| 040 ## - CATALOGING SOURCE | |
| Original cataloging agency | armpunfd |
| Transcribing agency | armpunfd |
| 080 ## - UNIVERSAL DECIMAL CLASSIFICATION NUMBER | |
| Universal Decimal Classification number | 342.4(82) SA18 |
| 100 10 - MAIN ENTRY--PERSONAL NAME | |
| Personal name | Sagues, Nestor Pedro |
| 245 10 - TITLE STATEMENT | |
| Title | Elementos de derecho constitucional |
| 260 #b - PUBLICATION, DISTRIBUTION, ETC. (IMPRINT) | |
| Date of publication, distribution, etc | 1997. |
| 650 #7 - SUBJECT ADDED ENTRY--TOPICAL TERM | |
| Topical term or geographic name as entry element | Derecho Constitucional |
| Source of heading or term | LEMB |
| 942 ## - ADDED ENTRY ELEMENTS (KOHA) | |
| Koha item type | LIBRO |
| Source of classification or shelving scheme | |
| 945 ## - LOCAL PROCESSING INFORMATION (OCLC) | |
| a | Catalis |
| d | 2010-08-19 |
| 945 ## - LOCAL PROCESSING INFORMATION (OCLC) | |
| a | Catalis |
| d | 2010-08-19 |
| Withdrawn status | Lost status | Source of classification or shelving scheme | Damaged status | Not for loan | Home library | Current library | Shelving location | Date acquired | Serial Enumeration / chronology | Total Checkouts | Full call number | Barcode | Date last seen | Date checked out | Price effective from | Koha item type | Inventory number | Total Renewals |
|---|---|---|---|---|---|---|---|---|---|---|---|---|---|---|---|---|---|---|
| Bib. Derecho | Bib. Derecho | Sala de Lectura | 12/06/2014 | V 1 | 3 | 342.4(82) SA18 | 53757 | 29/05/2017 | 26/05/2017 | 12/06/2014 | LIBRO (Consulta) | |||||||
| Bib. Derecho | Bib. Derecho | Sala de Lectura | 12/06/2014 | V 2 | 3 | 342.4(82) SA18 | 53758 | 27/08/2019 | 14/08/2018 | 12/06/2014 | LIBRO (Consulta) | |||||||
| Bib. Derecho | Bib. Derecho | Sector Prestamo | 06/10/2014 | 3 | 342.4(82) SA18 | 53760 | 03/09/2015 | 28/08/2015 | 06/10/2014 | LIBRO | 53760 | 1 | ||||||
| Bib. Derecho | Bib. Derecho | Sector Prestamo | 17/03/2022 | V 1 | 12 | 342.4(82) SA18 | 204144 | 03/11/2025 | 28/10/2025 | 17/03/2022 | LIBRO | 1 | ||||||
| Bib. Derecho | Bib. Derecho | Sector Prestamo | 17/03/2022 | V 2 | 1 | 342.4(82) SA18 | 204145 | 26/09/2022 | 23/09/2022 | 17/03/2022 | LIBRO |
